000 00933nam0a22003011 4500
001 v19\rc\1291757
005 20250618014428.0
035 _a(NLR Aleph) 004439289
090 _a4379294
_c4379294
100 _a20060306e18581858|||y0rusy50 ca
101 0 _arus
102 _aRU
105 _ay z |||||
200 1 _aНормальная стрелковая школа в Венсене
_fД.У.С.
210 _aСанкт-Петербург
_cтип. Я. Трея
_d1858
215 _a12 с.
_d23
311 _aОтт. из "Воен. журн.", 1858, кн. 1
488 0 _12001#$aВоенный журнал$v1858, кн. 1
_tВоенный журнал
701 0 _aД. У. С.
801 0 _aRU
_bNLR
_gpsbo
801 0 _aRU
_bRuMoRGB
_2psbo
801 1 _aRU
_bProSoft-M
_2rusmarc
852 _aNLR
_j18.109.2.199
899 _aRuMoRGB
_jU 456/386
899 _aБАН
899 _aНБ СПбГУ
942 _cBOOK
980 _aNB